Ročenka agropotravinárskeho zahraničného obchodu SR za rok 2004

Salvato in:
Dettagli Bibliografici
Autore principale: Gálik, Jozef
Altri autori: Döme, Gabriel
Natura: Libro
Lingua:slovacco
Pubblicazione: Bratislava Výskumný ústav ekonomiky poľnohospodárstva a potravinárstva 2005
Serie:Štúdia č. 93/2005
Soggetti:
Tags: Aggiungi Tag
Nessun Tag, puoi essere il primo ad aggiungerne!!

MARC

LEADER 00000nam$a2200000$$$4500
001 0050466
005 20220805103546.3
020 |a 80-8058-380-3 
041 0 |a slo 
044 |a SK 
245 1 0 |a Ročenka agropotravinárskeho zahraničného obchodu SR za rok 2004  |c Jozef Gálik, Gabriel Döme 
264 1 |a Bratislava  |b Výskumný ústav ekonomiky poľnohospodárstva a potravinárstva  |c 2005 
300 |a 43 s. 
490 1 |a Štúdia  |v č. 93/2005 
830 0 |a Štúdia  |v č. 93/2005 
610 2 0 |a agropotravinárstvo 
610 2 0 |a obchod zahraničný 
610 2 0 |a zisťovanie štatistické 
610 2 0 |a vývoz 
610 2 0 |a dovoz 
610 2 0 |a krajiny vyspelé 
610 2 0 |a krajiny rozvojové 
610 2 0 |a komodity 
610 2 0 |a vývoj cenový 
610 2 0 |a Slovensko 
610 2 0 |a Európska únia 
610 2 0 |a 2004 
100 1 |a Gálik, Jozef 
700 1 |a Döme, Gabriel